V/H/S Segments - Statistics

General Stats
  • This quiz has been taken 10 times
  • The average score is 20 of 38
Answer Stats
Hint Answer % Correct
V/H/S Amateur Night
70%
V/H/S/85 Ambrosia
60%
V/H/S: Viral Bonestorm
60%
V/H/S: Viral Dante the Great
60%
V/H/S/85 Dreamkill
60%
V/H/S/94 Holy Hell
60%
V/H/S/Beyond Live and Let Dive
60%
V/H/S/99 Ozzy's Dungeon
60%
V/H/S: Viral Parallel Monsters
60%
V/H/S 2 Safe Haven
60%
V/H/S/Beyond Stork
60%
V/H/S/94 Storm Drain
60%
V/H/S/Beyond Stowaway
60%
V/H/S Tape 56
60%
V/H/S/94 Terror
60%
V/H/S/94 The Subject
60%
V/H/S Tuesday the 17th
60%
V/H/S/Beyond Abduction/Adduction
50%
V/H/S 2 A Ride in the Park
50%
V/H/S/Beyond Fur Babies
50%
V/H/S/85 God of Death
50%
Unreleased Gorgeous Vortex
50%
V/H/S/85 No Wake
50%
V/H/S Second Honeymoon
50%
V/H/S/99 Shredding
50%
V/H/S 2 Slumber Party Alien Abduction
50%
V/H/S 2 Tape 49
50%
V/H/S/94 The Empty Wake
50%
V/H/S/99 The Gawkers
50%
V/H/S/85 TKNOGD
50%
V/H/S: Viral Vicious Circles
50%
V/H/S 10/31/98
40%
V/H/S 2 Phase I Clinical Trials
40%
V/H/S/99 To Hell And Back
40%
V/H/S/85 Total Copy
40%
V/H/S/Beyond Dream Girl
30%
V/H/S/99 Suicide Bid
30%
V/H/S The Sick Thing That Happened To Emily When She Was Younger
30%
No matching quizzes found
Score Distribution
Percent of People with Each Score
Percentile by Number Answered
Your Score History
You have not taken this quiz